LEADER 00942nam0-22003011i-450 001 990005518610203316 005 20200420110134.0 035 $a000551861 035 $aUSA01000551861 035 $a(ALEPH)000551861USA01 100 $a20050119d1976----km y1itay5003----ba 101 1 $aita$ceng 102 $aIT 200 1 $aDisuguaglianza di classe e ordinamento politico$ela stratificazione sociale nelle società capitalistiche e comuniste$fFrank Parkin 210 $aTorino$cEinaudi$d1976 215 $aX, 227 p.$d16 cm 225 2 $aPiccola biblioteca Einaudi$v268 410 1$12001$aPiccola biblioteca Einaudi$v268 606 0 $aClassi sociali$2BNCF 676 $a305.5 700 1$aPARKIN,$bFrank$0119970 801 0$aIT$bSOL$c20120104 912 $a990005518610203316 951 $a300 305.5 PAR$b449 DISES 959 $aBK 969 $aDISES 996 $aDisuguaglianza di classe e ordinamento politico$9647918 997 $aUNISA LEADER 01701nam 2200409 a 450 001 9910699918903321 005 20110202090815.0 035 $a(CKB)5470000002406771 035 $a(OCoLC)700038465 035 $a(EXLCZ)995470000002406771 100 $a20110202d2010 ua 0 101 0 $aeng 135 $aurmn||||||||| 181 $ctxt$2rdacontent 182 $cc$2rdamedia 183 $acr$2rdacarrier 200 10$aFood safety$b[electronic resource] $eFDA could strengthen oversight of imported food by improving enforcement and seeking additional authorities : testimony before the Subcommittee on Oversight and Investigations, Committee on Energy and Commerce, House of Representatives /$fstatement of Lisa Shames 210 1$a[Washington, D.C.] :$cU.S. Govt. Accountability Office,$d[2010] 215 $a1 online resource (20 pages) 225 1 $aTestimony ;$vGAO-10-699T 300 $aTitle from PDF title screen (GAO, viewed Jan. 31, 2011). 300 $a"For release ... May 6, 2010." 320 $aIncludes bibliographical references. 517 $aFood safety 606 $aFood industry and trade$zUnited States$xSafety measures 606 $aFood supply$zUnited States$xSafety measures 615 0$aFood industry and trade$xSafety measures. 615 0$aFood supply$xSafety measures. 700 $aShames$b Lisa$01384432 712 02$aUnited States.$bCongress.$bHouse.$bCommittee on Energy and Commerce.$bSubcommittee on Oversight and Investigations. 712 02$aUnited States.$bGovernment Accountability Office. 801 0$bGPO 801 1$bGPO 906 $aBOOK 912 $a9910699918903321 996 $aFood safety$93495399 997 $aUNINA LEADER 01996nam0 2200433 i 450 001 CFI0239712 005 20251003044136.0 010 $a8823802059 020 $aIT$b93-6639 100 $a20220427d1993 ||||0itac50 ba 101 | $aita 102 $ait 181 1$6z01$ai $bxxxe 182 1$6z01$an 183 1$6z01$anc$2RDAcarrier 200 1 $aˆL'‰analisi multivariata nelle ricerche di marketing$eapplicazioni alla segmentazione della domanda e al mapping multidimensionale$fLuca Molteni 210 $aMilano$cEGEA$d\1993! 215 $aXII, 330 p.$d23 cm. 225 | $aQuaderni$fSDA Bocconi$v7 410 0$1001CFI0169440$12001 $aQuaderni$fSDA Bocconi$v7$171201$aUniversità commerciale L. Bocconi$b : Scuola di direzione aziendale$3CFIV010896 606 $aRicerche di mercato$xMetodi statistici$2FIR$3CFIC035260$9E 676 $a658.8$9GESTIONE DELLA DISTRIBUZIONE (MARKETING)$v12 676 $a658.83$9GESTIONE DELLA DISTRIBUZIONE (MARKETING). RICERCA DI MERCATO$v21 676 $a658.8350723$9RICERCHE E ANALISI DI MERCATO. STUDI DI MERCATO. Ricerca descrittiva$v21 696 $aInchieste di mercato$aIndagini di mercato$aSondaggi di mercato$aAnalisi di mercato 699 $aRicerche di mercato$yInchieste di mercato 699 $aRicerche di mercato$yIndagini di mercato 699 $aRicerche di mercato$ySondaggi di mercato 699 $aRicerche di mercato$yAnalisi di mercato 700 1$aMolteni$b, Luca$3CFIV128319$4070$0437450 801 3$aIT$bIT-000000$c20220427 850 $aIT-BN0095 $aIT-NA0457 901 $bNAP 01$cAZ $n$ 901 $bNAP BI$cSALA 3 $nLibri da 1597 a 3785 912 $aCFI0239712 950 0$aBiblioteca Centralizzata di Ateneo$c1 v.$d 01AZ (AR) 21 853$e 01AR 0700218535 VMA 1 v.$fY $h20141202$i20141202 977 $a 01$a BI 996 $aAnalisi multivariata nelle ricerche di marketing$963085 997 $aUNISANNIO